|
|
|
|
| LEADER |
00897nab a2200253 i 4500 |
| 001 |
publ4496 |
| 005 |
20190227125351.0 |
| 008 |
141120s2004 hu o 0|| angol d |
| 022 |
|
|
|a 1027-3115
|
| 024 |
7 |
|
|a 247308
|2 mtmt
|
| 040 |
|
|
|a SZTE Publicatio Repozitórium
|b hun
|
| 041 |
|
|
|a angol
|
| 100 |
1 |
|
|a Szekeres András
|
| 245 |
1 |
0 |
|a Investigation of Trichoderma strains isolated from winter wheat rhizosphere
|h [elektronikus dokumentum] /
|c Szekeres András
|
| 260 |
|
|
|c 2004
|
| 300 |
|
|
|a 155-158
|
| 490 |
0 |
|
|a Management of plant diseases and arthropod pests by BCAs IOBC/wprs Bulletin
|v 27 No. 8
|
| 700 |
0 |
1 |
|a Láday Miklós
|e aut
|
| 700 |
0 |
1 |
|a Kredics László
|e aut
|
| 700 |
0 |
1 |
|a Antal Zsuzsanna
|e aut
|
| 700 |
0 |
1 |
|a Hatvani Lóránt
|e aut
|
| 700 |
0 |
1 |
|a Varga János
|e aut
|
| 700 |
0 |
1 |
|a Manczinger László
|e aut
|
| 856 |
4 |
0 |
|u http://publicatio.bibl.u-szeged.hu/4496/1/trentino1.pdf
|z Dokumentum-elérés
|